|
|
|
|
| LEADER |
00000cam a2200000 7i4500 |
| 001 |
0000090524 |
| 005 |
20230125103514.0 |
| 008 |
221124 |
| 020 |
|
|
|a 9789671979815
|
| 041 |
|
|
|a Malay
|
| 090 |
0 |
0 |
|a 028.909595
|b AKT
|
| 245 |
0 |
0 |
|a Aktiviti galakan membaca Pusat Sumber Sekolah
|
| 260 |
|
|
|a Selangor :
|b Literasi Resources ,
|c 2022
|
| 300 |
|
|
|a 321 p. :
|b ill. ;
|c 21.5 cm.
|
| 541 |
|
|
|c Purchased on 2022
|f I-001022 AJM
|h RM50.00
|
| 650 |
|
0 |
|a Books and reading
|x Anecdotes
|
| 650 |
|
0 |
|a Reading interests
|x Anecdotes
|
| 650 |
|
0 |
|a Reading promotion
|x Anecdotes
|
| 710 |
0 |
|
|a Projek Khas Tim PSS Idaman
|
| 999 |
|
|
|a 0001699173
|b Book
|c Adult Collection
|e Perbadanan Perpustakaan Awam Johor
|
| 999 |
|
|
|a 0001699196
|b Book
|c Adult Collection
|e Perbadanan Perpustakaan Awam Johor
|
| 999 |
|
|
|a 0001699254
|b Book
|c Adult Collection
|e Desa - PPAJ
|
| 999 |
|
|
|a 0001699255
|b Book
|c Adult Collection
|e Desa - PPAJ
|
| 999 |
|
|
|a 0001699256
|b Book
|c Adult Collection
|e Desa - PPAJ
|
| 999 |
|
|
|a 0001699257
|b Book
|c Adult Collection
|e Desa - PPAJ
|
| 999 |
|
|
|a 0001699258
|b Book
|c Adult Collection
|e Desa - PPAJ
|
| 999 |
|
|
|a 0001699259
|b Book
|c Adult Collection
|e Desa - PPAJ
|
| 999 |
|
|
|a 0001699260
|b Book
|c Adult Collection
|e Desa - PPAJ
|
| 999 |
|
|
|a 0001699261
|b Book
|c Adult Collection
|e Desa - PPAJ
|
| 999 |
|
|
|a 0001699262
|b Book
|c Adult Collection
|e Desa - PPAJ
|
| 999 |
|
|
|a 0001699263
|b Book
|c Adult Collection
|e Desa - PPAJ
|
| 999 |
|
|
|a 0001699264
|b Book
|c Adult Collection
|e Desa - PPAJ
|
| 999 |
|
|
|a 0001699265
|b Book
|c Adult Collection
|e Desa - PPAJ
|
| 999 |
|
|
|a 0001699266
|b Book
|c Adult Collection
|e Desa - PPAJ
|
| 999 |
|
|
|a 0001699267
|b Book
|c Adult Collection
|e Desa - PPAJ
|
| 999 |
|
|
|a 0001699268
|b Book
|c Adult Collection
|e Desa - PPAJ
|
| 999 |
|
|
|a 0001699269
|b Book
|c Adult Collection
|e Desa - PPAJ
|
| 999 |
|
|
|a 0001699270
|b Book
|c Adult Collection
|e Desa - PPAJ
|
| 999 |
|
|
|a 0001699271
|b Book
|c Adult Collection
|e Desa - PPAJ
|
| 999 |
|
|
|a 0001699272
|b Book
|c Adult Collection
|e Desa - PPAJ
|
| 999 |
|
|
|a 0001699273
|b Book
|c Adult Collection
|e Desa - PPAJ
|
| 999 |
|
|
|a 0001699274
|b Book
|c Adult Collection
|e Desa - PPAJ
|
| 999 |
|
|
|a 0001699275
|b Book
|c Adult Collection
|e Desa - PPAJ
|
| 999 |
|
|
|a 0001699276
|b Book
|c Adult Collection
|e Desa - PPAJ
|
| 999 |
|
|
|a 0001699277
|b Book
|c Adult Collection
|e Desa - PPAJ
|
| 999 |
|
|
|a 0001699278
|b Book
|c Adult Collection
|e Desa - PPAJ
|
| 999 |
|
|
|a 0001699279
|b Book
|c Adult Collection
|e Desa - PPAJ
|
| 999 |
|
|
|a 0001699280
|b Book
|c Adult Collection
|e Desa - PPAJ
|
| 999 |
|
|
|a 0001699281
|b Book
|c Adult Collection
|e Desa - PPAJ
|
| 999 |
|
|
|a 0001699282
|b Book
|c Adult Collection
|e Desa - PPAJ
|
| 999 |
|
|
|a 0001699283
|b Book
|c Adult Collection
|e Desa - PPAJ
|
| 999 |
|
|
|a 0001699284
|b Book
|c Adult Collection
|e Desa - PPAJ
|
| 999 |
|
|
|a 0001699285
|b Book
|c Adult Collection
|e Desa - PPAJ
|
| 999 |
|
|
|a 0001699286
|b Book
|c Adult Collection
|e Desa - PPAJ
|
| 999 |
|
|
|a 0001699287
|b Book
|c Adult Collection
|e Desa - PPAJ
|
| 999 |
|
|
|a 0001699288
|b Book
|c Adult Collection
|e Desa - PPAJ
|
| 999 |
|
|
|a 0001699289
|b Book
|c Adult Collection
|e Desa - PPAJ
|
| 999 |
|
|
|a 0001699290
|b Book
|c Adult Collection
|e Desa - PPAJ
|
| 999 |
|
|
|a 0001699291
|b Book
|c Adult Collection
|e Desa - PPAJ
|
| 999 |
|
|
|a 0001699292
|b Book
|c Adult Collection
|e Desa - PPAJ
|
| 999 |
|
|
|a 0001699293
|b Book
|c Adult Collection
|e Desa - PPAJ
|
| 999 |
|
|
|a 0001699294
|b Book
|c Adult Collection
|e Desa - PPAJ
|
| 999 |
|
|
|a 0001699723
|b Book
|c Adult Collection
|e Cawangan AEON Kulaijaya
|
| 999 |
|
|
|a 0001699724
|b Book
|c Adult Collection
|e Cawangan Urban Transformation Centre
|
| 999 |
|
|
|a 0001699725
|b Book
|c Adult Collection
|e Cawangan Taman Sri Lambak
|
| 999 |
|
|
|a 0001699726
|b Book
|c Adult Collection
|e Cawangan Batu Pahat
|
| 999 |
|
|
|a 0001699727
|b Book
|c Adult Collection
|e Cawangan Bandar Penawar
|
| 999 |
|
|
|a 0001699728
|b Book
|c Adult Collection
|e Perbadanan Perpustakaan Awam Johor
|
| 999 |
|
|
|a 0001699729
|b Book
|c Adult Collection
|e Cawangan Bandar Tenggara
|
| 999 |
|
|
|a 0001699730
|b Book
|c Adult Collection
|e Cawangan Tangkak
|
| 999 |
|
|
|a 0001699731
|b Book
|c Adult Collection
|e Cawangan Kota Tinggi
|
| 999 |
|
|
|a 0001699732
|b Book
|c Adult Collection
|e Cawangan Muar
|
| 999 |
|
|
|a 0001699733
|b Book
|c Adult Collection
|e Cawangan Tmn. Ungku Tun Aminah
|
| 999 |
|
|
|a 0001699734
|b Book
|c Adult Collection
|e Cawangan Segamat
|
| 999 |
|
|
|a 0001699735
|b Book
|c Adult Collection
|e Cawangan Pontian
|
| 999 |
|
|
|a 0001699736
|b Book
|c Adult Collection
|e Cawangan Bukit Gambir
|
| 999 |
|
|
|a 0001699737
|b Book
|c Adult Collection
|e Cawangan Mersing
|